Production and operations management / (Record no. 289005)
[ view plain ]
| 000 -LEADER | |
|---|---|
| fixed length control field | 00475nam a22001690 4500 |
| 001 - CONTROL NUMBER | |
| control field | ocn0538891084 |
| 003 - CONTROL NUMBER IDENTIFIER | |
| control field | PILC |
| 005 - DATE AND TIME OF LATEST TRANSACTION | |
| control field | 20151203133448.0 |
| 008 - FIXED-LENGTH DATA ELEMENTS--GENERAL INFORMATION | |
| fixed length control field | 001115s1999 eng |
| 020 ## - INTERNATIONAL STANDARD BOOK NUMBER | |
| International Standard Book Number | 9781121642492 |
| 050 ## - LIBRARY OF CONGRESS CALL NUMBER | |
| Classification number | TS 155 |
| Item number | .P964 2012 |
| 245 10 - TITLE STATEMENT | |
| Title | Production and operations management / |
| 260 ## - PUBLICATION, DISTRIBUTION, ETC. (IMPRINT) | |
| Name of publisher, distributor, etc | McGraw-Hill Education, |
| Date of publication, distribution, etc | 2012. |
| 300 ## - PHYSICAL DESCRIPTION | |
| Extent | iii, 774 pages : |
| Other physical details | illustrations ; |
| Dimensions | 29 cm. |
| 650 ## - SUBJECT ADDED ENTRY--TOPICAL TERM | |
| Topical term or geographic name as entry element | Production management. |
| 942 ## - ADDED ENTRY ELEMENTS (KOHA) | |
| Source of classification or shelving scheme | Library of Congress Classification |
| Koha item type | Books |
| Call number prefix | Foreign |
| Withdrawn status | Lost status | Source of classification or shelving scheme | Damaged status | Home library | Current library | Shelving location | Date acquired | Source of acquisition | Cost, normal purchase price | Total Checkouts | Total Renewals | Full call number | Barcode | Date last seen | Date checked out | Price effective from | Koha item type |
|---|---|---|---|---|---|---|---|---|---|---|---|---|---|---|---|---|---|
| Library of Congress Classification | College Library | College Library | Reserve Section | 12/03/2015 | Library Fund | 0.00 | 2 | 6 | TS 155 .P964 2012 | C20300 | 10/02/2018 | 08/18/2018 | 12/03/2015 | Books |